000 00632nam a2200193Ii 4500
003 JO-AjNU
008 230605s9999||||xx |||||||||||||| ||und||
040 _aJO-AjNU
_bara
_erda
_cJO-AjNU
041 _aara
050 1 4 _aQD476.B4312 1970
100 3 _aبنفي ، اوتو ثيورد,
_eauthor
_99377
245 0 0 _aمقدمة في ميكانيكية التفاعلات العضوية
264 3 1 _aبغداد : جامعة الموصل ،1970
300 _a214ص
336 _atext
_btxt
_2rdacontent
337 _aunmediated
_bn
_2rdamedia
338 _avolume
_bnc
_2rdacarrier
650 4 _aالكيمياء العضوية
_99378
999 _aA1268
_c4836
_d4836